[Event "Chess24 Legends of Chess"]
[Site "Online"]
[Date "2020.07.18"]
[Round "1.5"]
[White "Kramnik, Vladimir"]
[Black "Nepomniachtchi, Ian"]
[Result "0-1"]
[WhiteElo "2756"]
[BlackElo "2778"]
[Annotator "TA"]
[PlyCount "82"]
[EventDate "2020.07.21"]
[EventType "tourn"]
[SourceTitle "playchess.com"]
[Source "ChessBase"]
[SourceQuality "1"]

{[%evp 22,82,47,74,74,25,28,34,25,24,42,41,28,0,0,0,0,0,64,62,60,0,0,0,0,0,0,0,0,0,0,-24,-12,-16,-14,-46,-22,-45,-42,-68,-55,-203,-203,-253,-228,-258,-233,-439,-466,-597,-503,-706,-712,-875,-856,-1187,-971,-1115,-1038,-1329,-1254,-2435,-2341]} 1. Nf3 c5 2. c4 Nf6 3. b3 g6 4. Bb2 Bg7 5. g3 O-O 6. Bg2 d5 7. cxd5 Nxd5 8. Bxg7 Kxg7 9. O-O Nc6 10. d4 cxd4 11. Nxd4 Nxd4 12. Qxd4+ {[%mdl 64] [#] Double Attack} Nf6 {A05: Réti Opening: 1 Nf3 Nf6.} 13. Qe3 {[#]} Qb6 $146 ({Predecessor:} 13... Ng4 14. Qc3+ f6 15. Na3 e5 16. Rac1 Qe7 17. Nb5 Bf5 18. Qc7 Rf7 19. Bd5 Rc8 20. Qxe7 Rxe7 21. Rxc8 Bxc8 22. Nxa7 {1-0 (45) Enders,P (2448)-Weichelt,J (2073) Radebeul 2016}) 14. Qxb6 axb6 {White is slightly better.} 15. Nc3 Be6 16. Bxb7 Ra7 17. Bf3 Rc8 18. Nb5 Ra5 19. Nd4 Bd5 (19... Bd7 $1 $11) 20. a4 e5 21. b4 (21. Bxd5 $14 Rxd5 22. Nb5) 21... Raa8 $11 22. Nb5 e4 $36 {[%mdl 2048] Black has good play.} 23. Bg2 Rc4 24. Rfb1 Bc6 $1 25. Na3 Rc3 26. a5 bxa5 27. b5 Bd5 28. b6 a4 29. Nb5 Rb3 {Threatens to win with ...Rb8.} 30. Nc7 Rb8 $1 {Strongly threatening ...Bc6.} 31. Rd1 {White does not recover from this.} ({White should try} 31. Nxd5 $15 Rxb1+ 32. Rxb1 Nxd5 33. Ra1) 31... Bc6 $19 32. g4 h6 (32... R3xb6 33. g5 $19) 33. h4 Nxg4 ({But not} 33... R8xb6 34. g5 $19) 34. Rd6 $2 (34. Nd5 {was the only chance.}) 34... R8xb6 {Black is clearly winning.} 35. Bf1 a3 36. h5 gxh5 37. e3 Ne5 38. Kh2 Rb2 39. Kg3 {[#]} h4+ $1 40. Kf4 (40. Kxh4 Rb1) 40... Ng6+ 41. Kg4 Rxf2 {Accuracy: White = 41%, Black = 92%.} 0-1

[Event "Chess24 Legends of Chess"]
[Site "Online"]
[Date "2020.07.18"]
[Round "1.5"]
[White "Ivanchuk, Vasyl"]
[Black "Leko, Peter"]
[Result "0-1"]
[WhiteElo "2686"]
[BlackElo "2710"]
[Annotator "TA"]
[PlyCount "158"]
[EventDate "2020.07.21"]
[EventType "tourn"]
[SourceTitle "playchess.com"]
[Source "ChessBase"]
[SourceQuality "1"]

{[%evp 19,158,-39,-39,-31,-33,-34,-31,-28,-34,-32,-30,-35,-16,-39,-23,-34,-24,-38,-9,-9,0,-20,0,-9,-9,-12,-12,-22,-18,-54,0,-2,-11,-14,0,-12,2,-7,-2,-1,0,0,0,0,0,0,0,0,0,0,0,0,20,22,15,14,23,23,22,20,21,18,43,0,0,-29,-55,-33,-42,-43,-7,-7,-6,-6,-6,-7,-4,-7,-7,-7,0,-4,-4,-4,-4,-7,0,-7,-7,-7,0,-14,0,0,0,0,0,-12837,-12837,-12837,-7,-7,-7,-7,0,0,0,0,0,0,0,0,0,0,0,0,0,0,0,0,0,0,0,0,0,-12851,-27999,-27999,-27999,-27999,-27999,-27999,-27999,-27999,-27999,-27996,-27994,-27995,-27995,-27996,-27995]} 1. c4 c5 2. Nf3 Nf6 3. g3 Nc6 4. Bg2 d5 5. cxd5 Nxd5 6. O-O e5 7. Nc3 Be6 8. d3 Be7 9. Bd2 O-O 10. Nxd5 Bxd5 11. Bc3 {A30: Symmetrical English: Double Fianchetto and Hedgehog.} f6 12. a4 Qd7 13. Nd2 {Black is slightly better.} Be6 {[#]} 14. a5 $146 ({Predecessor:} 14. Nc4 Rab8 15. Qb3 Nb4 16. Rfc1 b6 17. Qd1 Rfd8 18. h4 Nc6 19. Kh2 Nd4 20. b3 {1-0 (93) Abramovic,B (2457)-Brenjo,S (2482) Palic 2014}) 14... Rab8 15. Qa4 Rfc8 16. Rfc1 Kf8 17. Kf1 Rc7 (17... Kf7 {keeps more tension.} 18. Nc4 Kg8 19. Kg1 Qd8 20. Rd1 Qf8) 18. Nc4 Nd4 19. Qxd7 Bxd7 20. Ra3 Nb5 21. Ra2 Be6 22. Raa1 Nd4 {White should prevent ...Nb3.} 23. Nd2 Rbc8 24. e3 Nb3 (24... Nb5 $15) 25. Nxb3 $11 Bxb3 26. Ke2 Bd6 27. Bd2 Ke7 28. Rc3 Be6 29. Rac1 c4 30. dxc4 Bxc4+ 31. Ke1 b5 32. axb6 axb6 33. Ra1 Bb4 34. Rc2 Bxd2+ 35. Kxd2 Bb3 36. Rxc7+ Rxc7 {[%mdl 4096] Endgame KRB-KRB} 37. Be4 h6 38. Ra6 b5 39. Rb6 Bc4 40. h4 Rd7+ 41. Ke1 Rd6 42. Bc6 Kd8 43. Ra6 $1 Kc7 44. Bb7 $1 Rxa6 (44... Rd3 {is interesting.} 45. Bf3 Rb3 46. Ra7+ Kd6 47. Bd1 Rxb2 48. Rxg7 b4) 45. Bxa6 $15 {KB-KB} Kb6 (45... Kc6 $5 46. Bc8 $8 Kc5 $11) 46. Bc8 Kc5 47. Kd2 Kb4 48. Bf5 Kb3 49. Kc1 Be2 50. Bc2+ Kc4 51. Kd2 Bf3 52. Bd3+ Kc5 53. Kc3 b4+ 54. Kd2 Bd5 55. Ke2 Bc4 {[#] aiming for ...e4.} 56. Kd2 Bxd3 57. Kxd3 $11 {KP-KP} Kd5 58. b3 $2 {[%mdl 8192] [#]} (58. e4+ $11 Kc5 59. h5) 58... e4+ $1 $19 59. Ke2 h5 $2 (59... Ke5 $19 60. h5 Kf5) 60. Kf1 $1 $11 Ke5 {...Kf5 is the strong threat.} 61. Kg2 $1 Kf5 {Hoping for ...Kg4.} 62. Kh3 g5 (62... g6 $5) 63. g4+ Kg6 64. Kg3 hxg4 65. Kxg4 f5+ 66. Kg3 Kh5 67. hxg5 Kxg5 68. f3 exf3 $1 69. Kxf3 {KPP-KPP} Kg6 70. Ke2 Kf6 71. Kd3 Ke5 72. Kc4 $2 {[%mdl 8192]} (72. Kc2 $11) 72... Ke4 73. Kxb4 {Black mates.} Kxe3 {KP-KP} 74. Kc5 f4 75. b4 f3 76. b5 f2 77. b6 f1=Q {( -> ...Qa6)} 78. b7 Qf8+ 79. Kc6 Qb8 {Accuracy: White = 91%, Black = 89%.} 0-1

[Event "Chess24 Legends of Chess"]
[Site "Online"]
[Date "2020.07.18"]
[Round "2.1"]
[White "Carlsen, Magnus"]
[Black "Anand, Viswanathan"]
[Result "1/2-1/2"]
[WhiteElo "2881"]
[BlackElo "2751"]
[Annotator "TA"]
[PlyCount "87"]
[EventDate "2020.07.21"]
[EventType "tourn"]
[SourceTitle "playchess.com"]
[Source "ChessBase"]
[SourceQuality "1"]

{[%evp 19,87,10,14,15,21,16,20,0,18,0,0,0,29,32,21,12,54,58,46,49,46,52,47,43,81,81,89,93,116,109,106,110,96,110,114,119,162,155,163,155,155,155,155,72,143,85,93,87,84,45,45,0,0,0,0,0,0,0,0,0,0,0,0,0,0,0,0,0,4,0]} 1. d4 Nf6 2. c4 e6 3. Nc3 Bb4 4. a3 Bxc3+ 5. bxc3 c5 6. e3 Nc6 7. Bd3 e5 8. Ne2 O-O 9. O-O d6 10. Ng3 Re8 11. d5 {E29: Nimzo-Indian: Sämisch: 5...0-0 6 e3 c5 7 Bd3 Nc6.} e4 12. Nxe4 Nxe4 13. dxc6 bxc6 14. f3 Nf6 15. e4 {[#]} d5 $146 ({Predecessor:} 15... Nd7 16. Rb1 Ne5 17. Be2 Qc7 18. f4 Nd7 19. Bd3 Nb6 20. f5 f6 21. Rf4 Ba6 {1-0 (48) Davidov,A (2379)-Dushin,A (2418) ICCF email 2005}) 16. cxd5 cxd5 17. exd5 Qxd5 18. Bb5 $1 $36 {[%mdl 2048] Hoping for Qxd5. White has some pressure.} Rd8 {[#]} 19. Bg5 $1 {[%mdl 512] Black must now prevent Qxd5.} Be6 (19... Qxg5 20. Qxd8+) 20. Qxd5 Bxd5 21. Rfd1 Bb3 22. Rxd8+ $1 Rxd8 23. Be3 Nd5 24. Bxc5 Nxc3 25. Bf1 a5 {[#]} 26. Bb6 $1 {[%cal Rb6d8]} Ra8 {[#]} 27. Rc1 $1 {[%cal Rc1c3]} Na2 28. Rc7 a4 29. Bd3 h6 30. Be4 Rb8 31. Ba5 (31. g4 $142) 31... g6 (31... Be6 $142) 32. g4 ({White should play} 32. Bd2) 32... Be6 $16 33. Bc2 Nc1 34. Bxa4 Ra8 35. Rxc1 {aiming for Rc5.} (35. Bb4 {with more complications.} Rxa4 36. Rxc1 Ra6 37. Kf2 f5 38. Kg3) 35... Rxa5 $14 {[%mdl 4096] Endgame KRB-KRB. The position is equal.} 36. Bc6 Rxa3 37. Kf2 g5 38. Kg3 Kg7 39. h4 Ra5 40. Be4 Kf6 41. Rc6 Kg7 42. Rc1 Kf6 43. Rc6 Kg7 44. Rc1 {Blacks defense is rewarded with a draw. Accuracy: White = 84%, Black = 79%.} 1/2-1/2

[Event "Chess24 Legends of Chess"]
[Site "Online"]
[Date "2020.07.18"]
[Round "2.1"]
[White "Nepomniachtchi, Ian"]
[Black "Ding, Liren"]
[Result "1-0"]
[WhiteElo "2778"]
[BlackElo "2836"]
[Annotator "TA"]
[PlyCount "69"]
[EventDate "2020.07.21"]
[EventType "tourn"]
[SourceTitle "playchess.com"]
[Source "ChessBase"]
[SourceQuality "1"]

{[%evp 15,69,-8,-5,-35,-11,-59,-22,-25,25,20,67,62,72,77,124,84,73,64,314,313,293,308,343,357,356,359,367,356,347,353,330,339,535,521,524,539,537,537,523,522,503,0,535,452,99,99,29973,29951,5160,2477,29991,29992,29992,29993,29993,29994]} 1. e4 e5 2. Nf3 Nc6 3. d4 exd4 4. Nxd4 Nf6 5. Nxc6 bxc6 6. e5 Qe7 7. Qe2 Nd5 8. c4 {8.h4 is the fancy move.} Ba6 9. h4 {C45: Scotch Game.} (9. b3 g6 10. g3 Bg7 11. Bb2 O-O 12. Bg2 Rfe8 13. O-O Bxe5 14. Qxe5 Qxe5 15. Bxe5 Rxe5 16. cxd5 Bxf1 17. Kxf1 cxd5 18. Na3 c6 19. Nc2 a5 20. Rd1 Kf8 {½-½ (82) Nepomniachtchi,I (2732)-Ding,L (2783) Khanty-Mansiysk 2017}) 9... f6 10. Rh3 fxe5 11. Bg5 $1 {[%cal Rg5e7] The position is equal.} Nf6 12. Re3 d6 13. Qf3 $1 {[%cal Rf3c6] [#]} e4 $146 ({Predecessor:} 13... Bb7 14. Rb3 O-O-O 15. g3 d5 16. Qf5+ Kb8 17. cxd5 Ka8 18. dxc6 Bxc6 {0-1 (66) Szczesny,D-Polaczek,R Belgium 1988}) 14. Qd1 $1 {[%cal Rd1a4] And now Qa4 would win.} d5 15. Nc3 Bb7 16. cxd5 cxd5 $2 (16... O-O-O $1 $14) 17. Bxf6 $1 $18 Qxf6 18. Nxd5 Bxd5 19. Bb5+ $1 ({Don't go for} 19. Qxd5 $2 Bb4+ 20. Rc3 (20. Kd1 $2 Rd8 $19) 20... Bxc3+ $19) 19... Bc6 20. Rxe4+ Be7 {Threatens to win with ...0-0!} 21. Qd5 $1 Rd8 22. Bxc6+ (22. Qxc6+ Qxc6 23. Bxc6+ Kf7 $16) 22... Kf8 23. Qc4 $1 Bd6 (23... Qxb2 $142 24. Rc1 g6) 24. Rd1 {[%cal Ba1d1,Bd1d3,Bd3f3,Bf3f7][%mdl 32] Rd3 is the strong threat.} g6 25. Rd3 {Black must now prevent Rf3!} Kg7 26. Rf3 Qxb2 27. Rf7+ $1 Kh6 {aiming for ...Rhf8.} 28. g4 $2 (28. Kf1 $18 {Hoping for g4.} Bf4 29. Rfxf4 Rd1+ 30. Re1) 28... Qb1+ $2 {[%mdl 8192]} (28... Qa1+ $11 29. Ke2 Bb4 $1 {[%mdl 512]} 30. g5+ Kh5) 29. Ke2 {White threatens Qd4 and mate.} Bb4 {[#] ( -> ...Qd1+)} 30. Rd4 $1 $40 {[%mdl 128] White attacks with force.} ({But not} 30. g5+ $6 Kh5 $11) 30... Rhe8+ $2 {[%mdl 8192] [#]} (30... Qb2+ $16 31. Ke3 Bd2+ 32. Kd3 Rxd4+ 33. Qxd4 Qxd4+ 34. Kxd4 g5) 31. Kf3 $1 {[%mdl 512]} Qh1+ {[#]} 32. Kg3 $1 {[%mdl 512] Threatening mate with g5+.} Qg1+ {[#]} 33. Kh3 $1 {[%mdl 512] White mates.} Re3+ 34. fxe3 Qxe3+ 35. Bf3 {Accuracy: White = 86%, Black = 47%.} 1-0

[Event "Chess24 Legends of Chess"]
[Site "Online"]
[Date "2020.07.18"]
[Round "2.1"]
[White "Kramnik, Vladimir"]
[Black "Giri, Anish"]
[Result "1/2-1/2"]
[WhiteElo "2756"]
[BlackElo "2731"]
[Annotator "TA"]
[PlyCount "142"]
[EventDate "2020.07.21"]
[EventType "tourn"]
[SourceTitle "playchess.com"]
[Source "ChessBase"]
[SourceQuality "1"]

{[%evp 11,142,0,2,-15,-8,-24,-14,-4,0,-17,-3,-21,0,0,17,-12,16,20,20,18,23,12,38,31,27,33,76,70,56,82,75,16,47,8,16,7,24,0,0,0,0,0,86,86,91,86,85,87,137,141,208,112,120,120,110,113,107,120,120,119,115,112,114,112,120,115,118,113,122,112,137,120,213,222,221,200,199,176,176,169,188,145,148,144,164,77,83,84,83,73,97,8,8,8,20,8,8,0,31,6,8,8,8,8,8,8,8,8,8,8,8,8,8,8,8,8,8,0,3,0,8,0,0,0,0,0,8,8,8,8,8,-8,-8]} 1. c4 e5 2. Nc3 Nf6 3. Nf3 Nc6 4. a3 d5 5. cxd5 Nxd5 6. Qc2 Nxc3 7. bxc3 {A28: English Opening: Four Knights Variation.} Bd6 8. g3 O-O 9. Bg2 f5 10. d3 Kh8 11. O-O {[#]} Rb8 $146 ({Predecessor:} 11... Bd7 12. Rb1 b6 13. Nd2 Qe8 14. Nc4 Bc5 15. e3 Rc8 16. a4 Na5 17. Nxa5 bxa5 {1-0 (47) Gurevich,M (2643)-Han,H (2221) Izmir 2006}) 12. Bb2 Qe8 13. Nd2 b6 14. e3 Bb7 15. Rae1 Na5 16. Bxb7 Rxb7 17. f4 exf4 18. exf4 Qh5 19. Nf3 Rbb8 20. c4 Rfe8 21. Qc3 (21. Qa4 $16) 21... Bf8 22. Kg2 $40 {[%mdl 128] White mounts an attack.} c5 $1 23. Ne5 Rbd8 24. h3 {Strongly threatening g4.} Kg8 25. Qc2 Qh6 26. Qa4 Rc8 (26... Qd6 $11) 27. Qd7 $16 {[%mdl 64] Threatens to win with Qf7+. Double Attack} Qe6 28. Qxa7 Red8 {[#]} 29. Qa6 $1 Nc6 {next ...Nxe5 is good for Black.} 30. Qxb6 Rb8 (30... Qd6 $16 {might work better.} 31. Re2 g6) 31. Qxc6 (31. Nxc6 $18 Rxb6 32. Rxe6 Rxb2+ 33. Rf2 Rxf2+ 34. Kxf2 Rxd3 35. a4) 31... Rxb2+ 32. Rf2 Qxc6+ 33. Nxc6 Rxf2+ 34. Kxf2 Rxd3 {[%mdl 4096] Endgame KRB-KRN} 35. Ra1 Rd6 36. Ne5 Ra6 37. a4 Bd6 38. Kf3 Kf8 39. g4 fxg4+ 40. Nxg4 Kf7 41. Ke4 Bc7 (41... g6 $16 42. f5 gxf5+ 43. Kxf5 Bc7) 42. Ne5+ $18 Ke6 43. f5+ Ke7 44. a5 Kf6 45. Nd7+ Kf7 46. Rb1 {Rb7 is the strong threat.} Ke7 47. Nxc5 Rxa5 48. Nd3 (48. Kd5 $18 {is more deadly.}) 48... g6 $16 49. fxg6 hxg6 50. c5 Ke6 {[#]} 51. Rg1 ({White should try} 51. Kd4 $1 $16) 51... Ra4+ $11 52. Ke3 Kf5 53. Rf1+ Ke6 54. Rg1 Kf5 55. Rb1 Re4+ {The position is equal.} 56. Kf3 Rh4 57. Rf1 Ke6 58. Kg2 g5 59. Re1+ Kd7 60. Nf2 Kc6 61. Rc1 Rd4 62. Rc2 Ba5 63. Kf3 Rf4+ 64. Ke3 Rh4 65. Kf3 Bb4 66. Ne4 Rxh3+ 67. Kg2 g4 68. Nf2 {[#]} Rc3 $1 {[%mdl 512]} 69. Rxc3 Bxc3 70. Nxg4 Kxc5 71. Nf6 Bxf6 {Black escapes into a draw. Accuracy: White = 81%, Black = 81%.} 1/2-1/2

[Event "Chess24 Legends of Chess"]
[Site "Online"]
[Date "2020.07.18"]
[Round "2.1"]
[White "Svidler, Peter"]
[Black "Leko, Peter"]
[Result "1/2-1/2"]
[WhiteElo "2742"]
[BlackElo "2710"]
[Annotator "TA"]
[PlyCount "82"]
[EventDate "2020.07.21"]
[EventType "tourn"]
[SourceTitle "playchess.com"]
[Source "ChessBase"]
[SourceQuality "1"]

{[%evp 15,82,0,0,-11,0,-19,-21,-29,-27,-23,-10,-28,-31,-30,-28,-40,-39,-31,-29,-102,-72,-92,-65,-60,-21,-22,-23,-24,-22,-23,-18,-40,-33,-43,-36,-42,-36,-28,-49,-35,-32,-41,-13,-64,-59,-81,-19,-68,-72,-148,-148,-148,-125,-148,-148,-148,-148,-165,0,0,51,51,51,51,51,51,51,0,0]} 1. Nf3 Nf6 2. g3 c5 3. Bg2 Nc6 4. O-O e5 5. e4 d6 6. Re1 g6 7. d3 Bg7 8. Nc3 O-O 9. a3 {[#] A05: Réti Opening: 1 Nf3 Nf6.} a6 $146 ({Predecessor:} 9... h6 10. Rb1 Be6 11. Nd2 Nd4 12. Nc4 Qd7 13. Ne3 Ng4 14. Ncd5 f5 15. exf5 gxf5 16. f4 Qf7 {1-0 (28) Telljohann,S (2408)-Vettel,M (2289) Germany 2004}) 10. h3 b5 11. Be3 Be6 12. Nd2 Nd4 13. Ne2 Qd7 14. Kh2 d5 15. Nc3 Rac8 16. Bg5 {Hoping for Bxf6.} dxe4 17. Ndxe4 (17. dxe4 $11 b4 18. Ne2) 17... Nxe4 $17 18. dxe4 f5 19. Nd5 {And now Ne7+ would win.} Bxd5 (19... Rce8 $5 {[%cal Rf5e4]} 20. c3 fxe4 {[%mdl 64] Discovered Attack} 21. cxd4 cxd4 22. Ne7+ (22. Nb6 $2 Qd6 $17) 22... Rxe7 23. Bxe7 Rxf2 $17) 20. exd5 {Black should prevent c3.} c4 21. Be3 c3 22. Bxd4 exd4 23. b4 f4 24. Qd3 fxg3+ 25. fxg3 Rf2 {...Qxd5 is the strong threat.} 26. Re2 $1 {[%cal Re2f2]} Rxe2 27. Qxe2 Re8 28. Be4 $1 Be5 {Threatening ...Qd6.} 29. Qg2 ({White should try} 29. Re1 $11) 29... Bd6 $36 {[%mdl 2048] White is under pressure.} 30. Re1 Qd8 (30... Qe7 $17) 31. Re2 Qg5 32. Qf3 {[#]} (32. Bd3 $142 Rxe2 33. Bxe2) 32... h5 $1 $17 33. Kg2 h4 34. Bd3 Rxe2+ ({But not} 34... Qxg3+ $6 35. Qxg3 Rxe2+ 36. Qf2 $11) 35. Bxe2 hxg3 36. Qe4 Kg7 $2 ({Better is} 36... Qf5 $19 {( -> ...Qf2+)} 37. Qxf5 gxf5) 37. Qxd4+ $11 {[%mdl 64] [#] Double Attack} Qf6 (37... Be5 $11 38. Qe4 Qf5 39. Qxf5 gxf5) 38. Qxf6+ $1 $14 Kxf6 39. Bg4 $1 Ke5 40. Bc8 Kxd5 41. Bxa6 ({White should play} 41. Bb7+ $1 $14 Kc4 42. h4) 41... Kc6 $1 {Accuracy: White = 82%, Black = 82%.} 1/2-1/2

[Event "Chess24 Legends of Chess"]
[Site "Online"]
[Date "2020.07.18"]
[Round "2.1"]
[White "Ivanchuk, Vasyl"]
[Black "Gelfand, Boris"]
[Result "1/2-1/2"]
[WhiteElo "2686"]
[BlackElo "2702"]
[Annotator "TA"]
[PlyCount "84"]
[EventDate "2020.07.21"]
[EventType "tourn"]
[SourceTitle "playchess.com"]
[Source "ChessBase"]
[SourceQuality "1"]

{[%evp 13,84,15,-5,-15,-5,-33,-35,-21,0,0,0,0,0,-2,5,6,17,0,0,-25,31,-3,15,12,5,0,0,0,0,0,0,0,8,4,22,19,22,-15,-14,-16,30,0,0,0,0,0,0,0,59,0,0,0,0,0,0,0,0,0,0,-3,0,0,0,0,0,0,0,0,0,0,0,0,0]} 1. d4 Nf6 2. c4 e6 3. Nf3 d5 4. Nc3 c6 5. Qd3 dxc4 6. Qxc4 b5 7. Qd3 a6 8. a4 {[%cal Ra4b5] D43: Semi-Slav: 5 Bg5 h6.} Bb7 9. Bg5 Nbd7 10. e3 {Black is slightly better.} c5 {[#]} (10... b4 {feels hotter.} 11. Ne4 c5 12. Nxf6+ Nxf6 13. dxc5 Qxd3 14. Bxd3 Nd7) 11. axb5 $146 ({Predecessor:} 11. Bxf6 gxf6 12. dxc5 Qa5 13. Qb1 b4 14. Ne4 Nxc5 15. Nxc5 b3+ 16. Nd2 Bxc5 17. Ke2 {0-1 (26) Tunik,G (2404)-Ponkratov,P (2595) Kazan 2016}) 11... axb5 12. Rxa8 Qxa8 13. Qxb5 cxd4 14. Nxd4 Be7 15. f3 O-O 16. Qa4 h6 (16... Qb8 $11) 17. Bh4 Nc5 18. Qxa8 Rxa8 19. Be2 g5 20. Bf2 Ra1+ 21. Nd1 Nd5 22. O-O Rb1 23. Bc4 Bf6 24. Ba2 Rc1 25. Ne2 Rc2 {[%mdl 64] [#] Double Attack} 26. Nd4 Rc1 {And now ...Ba6 would win.} 27. Nb3 (27. Nc3 $5 {[%cal Rf1c1]} Rxf1+ 28. Kxf1 $11) 27... Nxb3 28. Bxb3 Ba6 29. Re1 Nb4 {[#] Strongly threatening ...Nd3.} 30. Nc3 $1 Rxe1+ 31. Bxe1 Nd3 {The position is equal.} 32. Bd2 Nxb2 33. Ne4 Bg7 34. Bc3 Bxc3 35. Nxc3 $11 {[%mdl 4096] Endgame KBN-KBN} Nd3 36. Bc2 Ne5 37. Kf2 Bd3 38. Bxd3 Nxd3+ 39. Ke2 Ne5 40. Ne4 Kg7 41. f4 gxf4 42. exf4 Ng6 {An uneventful encounter. Accuracy: White = 81%, Black = 93%.} 1/2-1/2

[Event "Chess24 Legends of Chess"]
[Site "Online"]
[Date "2020.07.18"]
[Round "2.2"]
[White "Ding, Liren"]
[Black "Nepomniachtchi, Ian"]
[Result "0-1"]
[WhiteElo "2836"]
[BlackElo "2778"]
[Annotator "TA"]
[PlyCount "118"]
[EventDate "2020.07.21"]
[EventType "tourn"]
[SourceTitle "playchess.com"]
[Source "ChessBase"]
[SourceQuality "1"]

{[%evp 15,118,23,22,23,10,12,20,33,29,39,20,0,0,-52,-60,-66,-36,-96,-115,-100,-98,-98,-99,-98,-98,-107,-100,-91,-68,-79,-72,-92,-91,-91,-92,-91,-90,-74,-58,-70,-54,-62,-59,-61,-62,-62,-63,-96,-84,-95,-85,-94,-82,-111,-111,-118,-118,-118,-93,-93,-94,-134,-134,-143,-141,-193,-193,-197,-172,-170,-142,-196,-205,-194,-141,-243,-242,-237,-224,-325,-219,-307,-205,-201,-195,-192,0,-127,-116,-1009,-1045,-1007,-968,-901,-836,-1018,-953,-1045,-1014,-883,-860,-4714,-4710,-5073,-5047]} 1. d4 f5 2. g3 Nf6 3. Bg2 g6 4. c4 Bg7 5. Nc3 O-O 6. Nh3 d6 7. d5 Na6 8. Nf4 Nc5 9. h4 {A86: Dutch Defence: Leningrad System: Unusual lines and 5 Nh3.} e5 10. dxe6 Nxe6 11. Nxe6 {The position is equal.} Bxe6 12. Bxb7 Rb8 {[#]} 13. Bg2 $146 ({Predecessor:} 13. Bd5 Qd7 14. O-O c6 15. Bxe6+ Qxe6 16. Qd3 Ng4 17. b3 Ne5 18. Qe3 d5 19. cxd5 cxd5 {0-1 (34) Ruckschloss,K (2202)-Komora,A (2294) Slovakia 2019}) 13... Bxc4 14. Qa4 ({White should try} 14. b3 $11 Nh5 15. Bb2) 14... d5 $36 {[%mdl 2048] Black has the initiative.} 15. O-O Ne4 16. Nxe4 (16. Rd1 $15) 16... fxe4 $17 17. Qc2 Qe8 18. b3 Bxe2 $1 19. Qxe2 Bxa1 20. Ba3 Bd4 21. Bxf8 Qxf8 {[#]} 22. Bxe4 $1 {[%mdl 512]} Qd6 ({Weaker is} 22... dxe4 23. Qc4+ Qf7 24. Qxd4 $16) 23. Rd1 Qxg3+ 24. Kf1 {[#]} Qh3+ $1 25. Bg2 Qxh4 {aiming for ...Rf8!} 26. Bxd5+ Kh8 27. Qf3 Bg7 28. Qg3 Qe7 29. Re1 Qc5 30. Bc4 Rf8 31. Kg2 Bd4 {[%cal Rf8f2]} 32. f3 Kg7 33. Qh4 {Threatening mate with Re7+.} Bf6 34. Qg4 Rd8 35. Qe6 Qg5+ 36. Qg4 h5 (36... Qa5 {is more complex.} 37. Qe6 Rd2+ 38. Re2 Rxe2+ 39. Bxe2 Qg5+) 37. Qxg5 Bxg5 {[%mdl 4096] Endgame KRB-KRB} 38. a4 Bf4 39. a5 Kf6 40. a6 (40. Re6+ $17 {was called for.} Kg5 41. Kf1) 40... Be5 $19 41. Re3 Rd2+ 42. Re2 Rd4 43. Re1 (43. Rc2 $17 {is a better defense.}) 43... g5 44. Re3 Rh4 (44... Rd2+ $19 45. Re2 Rd1) 45. Rd3 (45. Re2 $17) 45... Rh2+ 46. Kg1 Rb2 47. Rd7 (47. Kf1 $142) 47... h4 48. Rh7 (48. Rf7+ {was forced.} Kg6 49. Re7) 48... Kf5 {White must now prevent ...Kf4.} 49. Rf7+ Kg6 {And now ...h3 would win.} 50. Re7 Kf5 ({Better is} 50... Bd4+ $19 51. Kh1 Rf2) 51. Rf7+ $1 $17 {[#]} Bf6 $1 52. Rxc7 $2 {[%mdl 8192] Loses the game.} (52. Bd5 $17) 52... Bd4+ $19 {Black is clearly winning.} 53. Kf1 h3 54. Rh7 Rf2+ 55. Ke1 h2 56. Be2 Rg2 57. Kd2 Be5 58. f4 Kg6 59. Rh3 Bxf4+ {Accuracy: White = 61%, Black = 83%.} 0-1

[Event "Chess24 Legends of Chess"]
[Site "Online"]
[Date "2020.07.18"]
[Round "2.2"]
[White "Anand, Viswanathan"]
[Black "Carlsen, Magnus"]
[Result "1/2-1/2"]
[WhiteElo "2751"]
[BlackElo "2881"]
[Annotator "TA"]
[PlyCount "78"]
[EventDate "2020.07.21"]
[EventType "tourn"]
[SourceTitle "playchess.com"]
[Source "ChessBase"]
[SourceQuality "1"]

{[%evp 14,78,34,24,33,38,33,25,32,50,44,31,55,55,55,61,55,52,49,66,66,64,66,66,77,67,66,54,68,41,41,44,40,35,52,53,40,22,23,32,95,70,100,91,152,152,152,152,154,160,223,216,216,93,93,69,262,262,262,262,160,0,262,0,262,0,270]} 1. e4 e5 2. Nf3 Nc6 3. Bb5 Bc5 4. c3 Nge7 5. d4 exd4 6. cxd4 Bb4+ 7. Bd2 Bxd2+ 8. Qxd2 ({But not} 8. Kxd2 d5 $17) 8... d5 {C64: Ruy Lopez: Classical Defence (3...Bc5) except 4 0-0 Nf6.} 9. exd5 Nxd5 10. Bxc6+ bxc6 {White has an edge.} 11. O-O O-O 12. Nc3 Nxc3 13. Qxc3 Be6 14. Ne5 Bd5 15. Nxc6 Bxc6 16. Qxc6 Qxd4 17. b3 {[#]} Qb6 $146 ({Predecessor:} 17... Rfd8) 18. Rac1 Rac8 19. Rfe1 Rfd8 20. g3 g6 21. Re7 Rd1+ 22. Kg2 Rxc1 23. Qxc1 $14 {[%mdl 4096] Endgame KQR-KQR} Qd6 24. Qe3 $40 {[%mdl 128] White attacks.} a5 25. Qe5 (25. h4 {is more complex.} Rd8 26. Re5 a4 27. bxa4 Qc6+ 28. Kh2) 25... Qc6+ 26. Qe4 Qxe4+ (26... Qd6 $14) 27. Rxe4 {KR-KR} Rd8 28. Rc4 Rd2 {[#]} ({Better is} 28... Rd7) 29. a4 $1 $16 ({Don't play} 29. Rxc7 $6 Rxa2 30. Ra7 Ra3 $11) 29... Rd3 30. Rxc7 Rxb3 31. Rc5 Ra3 (31... Kg7 $16 32. Rxa5 Kf6 33. Ra6+ Ke7) 32. Rxa5 $18 h5 33. h4 (33. Ra8+ $18 {has better winning chances.} Kg7 34. a5) 33... Kg7 34. Ra6 Kf8 $2 ({Black should try} 34... f6 $14 35. Ra7+ Kh6) 35. a5 Kg7 36. Ra8 Kf6 {[#]} 37. Ra6+ (37. Ra7 $1 $16) 37... Kg7 $1 38. Ra8 Kf6 39. Ra6+ Kg7 $1 {[%mdl 32768] Accuracy: White = 87%, Black = 74%. . An unexpected result.} 1/2-1/2